Ben and Jerry's: Real or Fake? Quiz Stats

 Plays Quiz Updated Jan 29, 2019

Support Sporcle.
Go Orange.
Score 0/25 Timer 05:00
18 Plays Today
% Correct
Chunky Monkey
85%
Chocolate Chip Cookie Dough
81.9%
Cherry Garcia
80.8%
Phish Food
75.9%
New York Super Fudge Chunk
75.9%
Half Baked
73.9%
Cheesecake Brownie
69.6%
Chubby Hubby
67.5%
Karamel Sutra
67.3%
Everything But The...
65.3%
Red Velvet Cake
64.2%
Stephen Colbert's Americone Dream
63.3%
Jimmy Fallon's Late Night Snack
60.7%
% Correct
S'mores
60.6%
Milk & Cookies
59.1%
Chocolate Therapy
58.6%
Vanilla Heath Bar Crunch
56.4%
Oatmeal Cookie Chunk
55.5%
Imagine Whirled Peace
53.8%
Crème Brûlée
50.7%
Chocolate
50.6%
Willie Nelson's Country Peach Cobbler
50.3%
Dublin Mudslide
47.1%
Dave Matthews Band's Magic Brownies
46.5%
What a Cluster
45.7%

From the Vault

80% Novels II

by Pilgab

Literature 2.5m
Reading 80% of the novel is more than enough to get the gist, right?
Remove Ads.
Support Sporcle.
Get the best of Sporcle when you Go Orange. This ad-free experience offers more features, more stats, and more fun while also helping to support Sporcle. Thank you for becoming a member.

Show Comments

Extras

Top Quizzes Today


Score Distribution

Your Account Isn't Verified!

In order to create a playlist on Sporcle, you need to verify the email address you used during registration. Go to your Sporcle Settings to finish the process.

Report this User

Report this user for behavior that violates our Community Guidelines.

Details: